La condición postmoderna /
| Päätekijä: | |
|---|---|
| Aineistotyyppi: | Kirja |
| Kieli: | espanja |
| Julkaistu: |
España:
CATEDRA,
1989
|
| Aiheet: |
MARC
| LEADER | 00000nam a2200000Ia 4500 | ||
|---|---|---|---|
| 008 | 170606b1989 sp ||||| |||| 00| | spa d | ||
| 999 | |c 1315 |d 1315 | ||
| 090 | |a 05.01.01 |b 1301 | ||
| 100 | 1 | |a Lyotard, Jean-Francois |9 2905 | |
| 245 | 1 | 3 | |a La condición postmoderna / |c Jean Francois Lyotard |
| 260 | |a España: |b CATEDRA, |c 1989 | ||
| 300 | |a 119 páginas | ||
| 650 | 1 | 4 | |a FILOSOFÍA |9 336 |
| 650 | 1 | 4 | |a ENSEÑANZA |9 14 |
| 650 | 1 | 4 | |a INVESTIGACIÓN |9 163 |
| 650 | 1 | 4 | |a CIENCIA |9 890 |
| 942 | |i 002073 |h 05.01.01 1301 |2 z |c 01 | ||
